000 00868nam a22003017a 4500
001 00261
003 DO-SdBNP
005 20180202145723.0
007 00261
008 151105b 1969 sp |||| |||| 00| 0 spa d
040 _aBPMSU
_bspa
_cBPMSU
092 _a 843.8
_b D314Ro
100 1 _aDefoe, Daniel,
245 1 0 _aRobinson Crusoe /
_6Daniel Defoe ; prólogo de Juan Perucho; traductor J. Millás Raurell
260 _aMadrid :
_bBiblioteca básica Salvat,
_c1982.
300 _a225 p. :
_bil. ;
_c20 cm.
490 1 _aLibro RTV
_v23
490 1 _aAventuras
500 _a
650 _aNOVELA INGLESA
700 1 _aRaurell, J. Millás
700 1 2 _aPerucho, Juan
_e pról.
830 0 _aLibro RTV
_v23
_n
830 0 _aAventuras
942 _2ddc
_cBK
945 _aInventariado, 2018 /LP
956 _2 VMATEO
_b10
_c20160708
_dBPMSU
_f00069
999 _c10803
_d10803